Structral design in metals (Record no. 11702)

000 -LEADER
fixed length control field 00502nam a22001937a 4500
001 - CONTROL NUMBER
control field 11702
003 - CONTROL NUMBER IDENTIFIER
control field BD-DhUET
008 - FIXED-LENGTH DATA ELEMENTS--GENERAL INFORMATION
fixed length control field 150218b xxu||||| |||| 00| 0 eng d
040 ## - CATALOGING SOURCE
Original cataloging agency DLC
Transcribing agency DLC
Modifying agency BD-DhUET
082 ## - DEWEY DECIMAL CLASSIFICATION NUMBER
Classification number 624.182
Item number WIL/1957
100 ## - MAIN ENTRY--PERSONAL NAME
Personal name Willims, Clifford D.
245 ## - TITLE STATEMENT
Title Structral design in metals
250 ## - EDITION STATEMENT
Edition statement 2nd ed.
260 ## - PUBLICATION, DISTRIBUTION, ETC. (IMPRINT)
Place of publication, distribution, etc. New York
Name of publisher, distributor, etc. Ronald Press
Date of publication, distribution, etc. 1957
300 ## - PHYSICAL DESCRIPTION
Extent viii, 655 p.
Other physical details ill.
Dimensions 17 cm.
650 #0 - SUBJECT ADDED ENTRY--TOPICAL TERM
Topical term or geographic name as entry element Metals Structural Engg
700 ## - ADDED ENTRY--PERSONAL NAME
Personal name Harris, Ernest C.
942 ## - ADDED ENTRY ELEMENTS (KOHA)
Koha item type General Book
Holdings
Location (home branch) Withdrawn status Koha item type Piece designation (barcode) Koha full call number Price effective from Koha date last seen Date acquired Damaged status Copy number Shelving location Sublocation or collection (holding branch) Lost status Source of classification or shelving scheme Not for loan Koha normalized classification for sorting
Central Library, BUET General Book61224624.182/WIL/19572015-02-182015-02-182015-02-18 1Circulation sectionCentral Library, BUET   624_182000000000000_WIL_1957
Central Library, BUET General Book42428624.182/WIL/19572015-02-182015-02-182015-02-18 2Circulation sectionCentral Library, BUET   624_182000000000000_WIL_1957
Central Library, BUET General Book11560624.182/WIL/19572015-02-182015-02-182015-02-18 3Circulation sectionCentral Library, BUET   624_182000000000000_WIL_1957
Central Library, BUET General Book61147624.182/WIL/19572015-02-182015-02-182015-02-18 4Circulation sectionCentral Library, BUET   624_182000000000000_WIL_1957
Central Library, BUET General Book42357624.182/WIL/19572015-05-102015-05-102015-05-10 5Circulation sectionCentral Library, BUET   624_182000000000000_WIL_1957
Central Library, BUET General Book11559624.182/WIL/19572015-05-122015-05-122015-05-12 6Circulation sectionCentral Library, BUET   624_182000000000000_WIL_1957